مكتبة جامعة عجلون الوطنية

فهرس بحث المكتبة

تكنولوجيا الإضافات الغذائية وأهميتها الصحية / (Record no. 33201)

MARC details
000 -LEADER
fixed length control field 00840nam a22002057a 4500
003 - CONTROL NUMBER IDENTIFIER
control field JO-AjAnu
005 - DATE AND TIME OF LATEST TRANSACTION
control field 20231129130842.0
008 - FIXED-LENGTH DATA ELEMENTS--GENERAL INFORMATION
fixed length control field 231129b jo ||||| |||| 00| 0 ara d
020 ## - INTERNATIONAL STANDARD BOOK NUMBER
International Standard Book Number 9777359429
040 ## - CATALOGING SOURCE
Original cataloging agency JO-AjAnu
Language of cataloging ARA
Transcribing agency JO-AjAnu
Modifying agency JO-AjAnu
041 #0 - LANGUAGE CODE
Language code of text/sound track or separate title ARA
Language code of original ARA
050 ## - LIBRARY OF CONGRESS CALL NUMBER
Classification number TX553
Item number 2020
100 #1 - MAIN ENTRY--PERSONAL NAME
Personal name أبو زيد، نادية عبدالمجيد
9 (RLIN) 64555
Relator term مؤلف
245 #0 - TITLE STATEMENT
Title تكنولوجيا الإضافات الغذائية وأهميتها الصحية /
Statement of responsibility, etc. نادية عبدالمجيد ابو زيد
250 ## - EDITION STATEMENT
Edition statement الطبعة الاولى
260 ## - PUBLICATION, DISTRIBUTION, ETC.
Place of publication, distribution, etc. الاسكندرية :
Name of publisher, distributor, etc. دار الوفاء لدنيا الطباعة والنشر،
Date of publication, distribution, etc. 2020
300 ## - PHYSICAL DESCRIPTION
Extent 143 صفحة
650 40 - SUBJECT ADDED ENTRY--TOPICAL TERM
Topical term or geographic name entry element الغذاء-الاضافات الغذائية
9 (RLIN) 64556
Form subdivision الغذاء-الاضافات الغذائية
942 ## - ADDED ENTRY ELEMENTS (KOHA)
Source of classification or shelving scheme Library of Congress Classification
Koha item type Books
Suppress in OPAC No
Holdings
Withdrawn status Lost status Source of classification or shelving scheme Damaged status Not for loan Home library Current library Date acquired Total Checkouts Full call number Barcode Date last seen Price effective from Koha item type
    Library of Congress Classification     مكتبة جامعة عجلون الوطنية مكتبة جامعة عجلون الوطنية 29/11/2023   TX553 2020 A29661 29/11/2023 29/11/2023 Books
    Library of Congress Classification     مكتبة جامعة عجلون الوطنية مكتبة جامعة عجلون الوطنية 29/11/2023   TX553 2020 A29660 29/11/2023 29/11/2023 Books